| 000 | 00501nam a2200181Ia 4500 | ||
|---|---|---|---|
| 999 |
_c21018 _d21018 |
||
| 003 | OSt | ||
| 005 | 20200703151118.0 | ||
| 008 | 190216s9999||||xx |||||||||||||| ||und|| | ||
| 020 | _a8122900143 | ||
| 040 | _coclc | ||
| 082 |
_a940 _bLIP/E |
||
| 100 |
_aLipson, E _93526 |
||
| 245 | 0 |
_aEurope In The 19th & 20th Centuries / _cE Lipson |
|
| 250 | _a8th Ed. | ||
| 260 |
_bSurjeet Publications, _c2004. _aNew Delhi: |
||
| 300 | _a582p | ||
| 942 |
_cBK _2ddc _h940 _iLIP/E _k940 _mLIP/E |
||